Family Guy Facts - Statistics

General Stats
  • This quiz has been taken 120 times
  • The average score is 8 of 12
Answer Stats
Hint Answer % Correct
Which one of Peter's friends is hated by Brian? Quagmire
96%
How many people are in the Griffin immediate family? 5
94%
Where does Peter's biological dad live? Ireland
89%
Who is the neighborhood pedophile? Herbert
88%
What do Chris and Meg always wear? Hats
82%
Where was Peter born? Mexico
81%
What is Peter's famous line he says to his daughter? Shut up Meg
78%
What is Lois' mother's name? Barbra Pewterschmidt
69%
Who was Brian's extremely dumb girlfriend? Jillian
60%
What is the Griffin's adress? 31 Spooner Street
29%
Who is the tube man salesman? Al Harrington
28%
What car took pictures of Quagmire, Cleveland, and Joe while Peter was suck in a food truck? Bing Maps Car
16%
No matching quizzes found
Score Distribution
Percent of People with Each Score
Percentile by Number Answered
Your Score History
You have not taken this quiz